| 000 | 00391nam a22001337a 4500 | ||
|---|---|---|---|
| 999 |
_c130481 _d130481 |
||
| 008 | 201015b ||||| |||| 00| 0 eng d | ||
| 020 | _a9781844173242 | ||
| 050 | _aBS 2095.K58 2004 | ||
| 245 |
_aThe New Testament _ctranslated by Nicholas King |
||
| 260 |
_aBuxhall: _bKevin Mayhew; _c2004. |
||
| 300 |
_a654p.; _b22cm. |
||
| 700 |
_aNicholas, king _etr. _949803 |
||
| 942 |
_2lcc _cMONOGRAPH |
||